Consumers' Approach regarding the Offer of Innovative Food Products on the Example of Pasta
Marketingový prieskum ochoty respondentov konzumovať inovatívne potravinové výrobky na príklade cestovín.
Saved in:
| Main Author: | |
|---|---|
| Other Authors: | , |
| Format: | Book Chapter |
| Language: | English |
| Subjects: | |
| Tags: |
No Tags, Be the first to tag this record!
|
MARC
| LEADER | 00000naa a2200000 4500 | ||
|---|---|---|---|
| 001 | 0230543 | ||
| 005 | 20240502083620.1 | ||
| 041 | 0 | |a eng | |
| 044 | |a PL | ||
| 245 | 1 | 0 | |a Consumers' Approach regarding the Offer of Innovative Food Products on the Example of Pasta |c Marzena Jeźewska-Zychowicz, Marta Sajdakowska, Malgorzata A. Jarossová |
| 520 | |a Marketingový prieskum ochoty respondentov konzumovať inovatívne potravinové výrobky na príklade cestovín. | ||
| 610 | 2 | 0 | |a spotrebitelia |
| 610 | 2 | 0 | |a potraviny |
| 610 | 2 | 0 | |a kvalita tovaru |
| 610 | 2 | 0 | |a výskum marketingový |
| 100 | 1 | |a Jeźewska-Zychowicz, Marzena | |
| 700 | 1 | |a Sajdakowska, Marta | |
| 700 | 1 | |a Jarossová, Malgorzata Agnieszka, 1978- | |